[Event "World Chess Olympiad 2018"]
[Site "Batumi"]
[Date "2018.09.28"]
[Round "5"]
[Board "4"]
[WhiteFideId "2501961"]
[White "Fitzsimons David"]
[BlackFideId "4303962"]
[Black "Gong Daniel Hanwen"]
[Result "1-0"]
[LiveChessVersion "1.4.8"]
[BlackElo "2276"]
[WhiteElo "2316"]

1. e4 {[%clk 1:30:57]} c6 {[%clk 1:30:56]} 2. d4 {[%clk 1:31:15]} d5
{[%clk 1:31:22]} 3. exd5 {[%clk 1:31:35]} cxd5 {[%clk 1:31:47]} 4. Bd3
{[%clk 1:31:58]} Nc6 {[%clk 1:32:07]} 5. c3 {[%clk 1:32:22]} Nf6 {[%clk 1:32:15]}
6. Bf4 {[%clk 1:32:31]} Bg4 {[%clk 1:32:23]} 7. Qb3 {[%clk 1:32:46]} Qd7
{[%clk 1:32:32]} 8. Nd2 {[%clk 1:32:58]} e6 {[%clk 1:32:44]} 9. Ngf3
{[%clk 1:33:22]} Bd6 {[%clk 1:32:51]} 10. Bxd6 {[%clk 1:33:20]} Qxd6
{[%clk 1:33:17]} 11. O-O {[%clk 1:33:26]} O-O {[%clk 1:33:20]} 12. Rae1
{[%clk 1:32:10]} Nd7 {[%clk 1:28:44]} 13. Qc2 {[%clk 1:32:18]} h6
{[%clk 1:27:39]} 14. Re3 {[%clk 1:27:14]} Rac8 {[%clk 1:21:27]} 15. a3
{[%clk 1:27:12]} e5 {[%clk 1:16:42]} 16. dxe5 {[%clk 1:26:52]} Ndxe5
{[%clk 1:17:01]} 17. Nxe5 {[%clk 1:24:10]} Nxe5 {[%clk 1:17:21]} 18. Rfe1
{[%clk 1:22:25]} Nc4 {[%clk 1:13:14]} 19. Nxc4 {[%clk 1:15:10]} dxc4
{[%clk 1:13:36]} 20. Bh7+ {[%clk 1:13:35]} Kh8 {[%clk 1:12:02]} 21. h3
{[%clk 1:06:05]} Be6 {[%clk 1:10:13]} 22. Bf5 {[%clk 0:58:46]} Bxf5
{[%clk 1:06:27]} 23. Qxf5 {[%clk 0:59:13]} Rc5 {[%clk 0:59:07]} 24. Qg4
{[%clk 0:55:11]} Rb5 {[%clk 0:40:32]} 25. R1e2 {[%clk 0:38:03]} Qd5
{[%clk 0:33:20]} 26. Qf4 {[%clk 0:28:31]} Rb6 {[%clk 0:31:10]} 27. Re4
{[%clk 0:23:24]} Qd3 {[%clk 0:14:56]} 28. Kh2 {[%clk 0:12:45]} Rf6
{[%clk 0:14:17]} 29. Qd2 {[%clk 0:11:40]} Rd8 {[%clk 0:11:27]} 30. Qxd3
{[%clk 0:08:28]} cxd3 {[%clk 0:11:48]} 31. Rd2 {[%clk 0:08:55]} Rxf2
{[%clk 0:12:06]} 32. Rxf2 {[%clk 0:09:21]} d2 {[%clk 0:12:34]} 33. Rf1
{[%clk 0:09:39]} d1=Q {[%clk 0:11:55]} 34. Rxd1 {[%clk 0:10:04]} Rxd1
{[%clk 0:12:21]} 35. Re7 {[%clk 0:10:28]} b5 {[%clk 0:12:09]} 36. Rxa7
{[%clk 0:09:44]} Rb1 {[%clk 0:12:26]} 37. b4 {[%clk 0:09:46]} Rb3
{[%clk 0:12:51]} 38. Rxf7 {[%clk 0:10:03]} Rxc3 {[%clk 0:13:09]} 39. Rf3
{[%clk 0:10:05]} Rc2 {[%clk 0:05:47]} 40. h4 {[%clk 0:39:07]} g6 {[%clk 0:34:17]}
41. Kg3 {[%clk 0:24:42]} h5 {[%clk 0:30:21]} 42. Kh2 {[%clk 0:16:54]} Kg7
{[%clk 0:29:22]} 43. Rd3 {[%clk 0:16:38]} Rc4 {[%clk 0:26:11]} 44. Rd5
{[%clk 0:15:15]} Rc3 {[%clk 0:25:44]} 45. Rxb5 {[%clk 0:15:36]} Rxa3
{[%clk 0:26:11]} 46. Rc5 {[%clk 0:15:15]} Rb3 {[%clk 0:26:20]} 47. b5
{[%clk 0:15:35]} Kf6 {[%clk 0:22:49]} 48. Rg5 {[%clk 0:15:52]} Rb4
{[%clk 0:22:44]} 49. g3 {[%clk 0:16:16]} Rb2+ {[%clk 0:19:35]} 50. Kg1
{[%clk 0:16:11]} Re2 {[%clk 0:18:50]} 51. Kf1 {[%clk 0:16:17]} Re4
{[%clk 0:18:27]} 52. Kf2 {[%clk 0:16:42]} Kg7 {[%clk 0:18:30]} 53. Kf3
{[%clk 0:17:06]} Re1 {[%clk 0:18:54]} 54. Kf4 {[%clk 0:16:05]} Kf6
{[%clk 0:19:09]} 55. Rc5 {[%clk 0:16:17]} Re2 {[%clk 0:19:09]} 56. Rc6+
{[%clk 0:16:19]} Kg7 {[%clk 0:19:15]} 57. b6 {[%clk 0:16:34]} Rb2
{[%clk 0:19:20]} 58. Ke5 {[%clk 0:16:51]} Rb3 {[%clk 0:18:27]} 59. Kd6
{[%clk 0:16:37]} Rxg3 {[%clk 0:17:30]} 60. b7 {[%clk 0:17:01]} 1-0

[Event "World Chess Olympiad 2018"]
[Site "Batumi"]
[Date "2018.09.28"]
[Round "5"]
[Board "1"]
[WhiteFideId "4900847"]
[White "Batchuluun Tsegmed"]
[BlackFideId "13602934"]
[Black "Paichadze Luka"]
[Result "1/2-1/2"]
[LiveChessVersion "1.4.8"]
[BlackElo "2564"]
[WhiteElo "2570"]

1. d4 {[%clk 1:30:56]} Nf6 {[%clk 1:30:56]} 2. c4 {[%clk 1:31:17]} e6
{[%clk 1:31:22]} 3. Nf3 {[%clk 1:31:41]} Bb4+ {[%clk 1:31:28]} 4. Bd2
{[%clk 1:31:53]} a5 {[%clk 1:31:48]} 5. a3 {[%clk 1:26:45]} Bxd2+
{[%clk 1:31:59]} 6. Qxd2 {[%clk 1:27:08]} O-O {[%clk 1:31:40]} 7. Nc3
{[%clk 1:27:25]} d5 {[%clk 1:32:06]} 8. e3 {[%clk 1:26:34]} b6 {[%clk 1:31:56]}
9. cxd5 {[%clk 1:23:46]} Nxd5 {[%clk 1:31:41]} 10. Nxd5 {[%clk 1:21:45]} Qxd5
{[%clk 1:32:06]} 11. Rc1 {[%clk 1:21:34]} Ba6 {[%clk 1:28:09]} 12. Rxc7
{[%clk 0:50:53]} Bxf1 {[%clk 1:28:28]} 13. Rxf1 {[%clk 0:51:18]} Nc6
{[%clk 1:23:04]} 14. Qc2 {[%clk 0:50:40]} Rac8 {[%clk 1:18:16]} 15. Rxc8
{[%clk 0:51:05]} Rxc8 {[%clk 1:18:44]} 16. Kd2 {[%clk 0:48:42]} Ne7
{[%clk 1:03:52]} 17. Qd3 {[%clk 0:45:37]} Rd8 {[%clk 0:42:02]} 18. Rc1
{[%clk 0:37:39]} e5 {[%clk 0:41:45]} 19. e4 {[%clk 0:35:08]} Qd6 {[%clk 0:29:40]}
20. d5 {[%clk 0:24:39]} f5 {[%clk 0:29:24]} 21. Ke1 {[%clk 0:24:09]} fxe4
{[%clk 0:28:20]} 22. Qxe4 {[%clk 0:24:34]} Qxd5 {[%clk 0:26:19]} 23. Qxe5
{[%clk 0:23:30]} Qd7 {[%clk 0:19:14]} 24. Kf1 {[%clk 0:23:16]} Ng6
{[%clk 0:19:30]} 25. Qe2 {[%clk 0:22:42]} Kh8 {[%clk 0:16:49]} 26. Ne5
{[%clk 0:19:02]} Nxe5 {[%clk 0:17:08]} 27. Qxe5 {[%clk 0:19:26]} h6
{[%clk 0:17:22]} 28. Re1 {[%clk 0:18:07]} Rc8 {[%clk 0:16:34]} 29. g3
{[%clk 0:15:43]} Qd2 {[%clk 0:13:50]} 30. Qe2 {[%clk 0:13:36]} Qd5
{[%clk 0:13:40]} 31. Kg1 {[%clk 0:13:26]} b5 {[%clk 0:12:32]} 32. Rd1
{[%clk 0:10:44]} Qf5 {[%clk 0:12:50]} 33. Qd3 {[%clk 0:09:21]} Qe5
{[%clk 0:10:45]} 34. Qd7 {[%clk 0:08:08]} Rc4 {[%clk 0:09:47]} 35. Qd8+
{[%clk 0:06:21]} Kh7 {[%clk 0:10:13]} 36. Qd3+ {[%clk 0:06:47]} Kh8
{[%clk 0:10:14]} 37. Qd2 {[%clk 0:04:31]} a4 {[%clk 0:08:48]} 38. Re1
{[%clk 0:04:23]} Qf5 {[%clk 0:06:24]} 39. Rc1 {[%clk 0:01:54]} Rxc1+
{[%clk 0:04:42]} 40. Qxc1 {[%clk 0:32:19]} Qd3 {[%clk 0:33:16]} 41. h4
{[%clk 0:30:04]} Qf5 {[%clk 0:31:57]} 42. Qd1 {[%clk 0:27:09]} Qe5
{[%clk 0:29:46]} 43. Qd2 {[%clk 0:27:10]} Qf5 {[%clk 0:29:58]} 44. Qd4
{[%clk 0:26:44]} Qf3 {[%clk 0:29:14]} 45. Kf1 {[%clk 0:25:50]} Qc6
{[%clk 0:28:51]} 46. Ke2 {[%clk 0:25:15]} Qc2+ {[%clk 0:28:42]} 47. Ke3
{[%clk 0:24:53]} Qc1+ {[%clk 0:27:59]} 48. Kd3 {[%clk 0:23:06]} Qc6
{[%clk 0:22:44]} 49. Kd2 {[%clk 0:19:06]} Qc7 {[%clk 0:20:57]} 50. g4
{[%clk 0:13:17]} Qa5+ {[%clk 0:20:25]} 51. Kd1 {[%clk 0:12:34]} Qa6
{[%clk 0:14:40]} 52. g5 {[%clk 0:12:17]} hxg5 {[%clk 0:13:39]} 53. hxg5
{[%clk 0:12:44]} Qg6 {[%clk 0:13:57]} 54. f4 {[%clk 0:12:26]} Qc6
{[%clk 0:13:00]} 55. Kd2 {[%clk 0:12:37]} Kh7 {[%clk 0:12:51]} 56. Ke3
{[%clk 0:09:14]} g6 {[%clk 0:13:03]} 57. Kd2 {[%clk 0:05:07]} Qc7
{[%clk 0:12:39]} 58. Qe5 {[%clk 0:04:07]} Qc6 {[%clk 0:12:26]} 59. Qe7+
{[%clk 0:02:23]} Kg8 {[%clk 0:12:45]} 60. Qd8+ {[%clk 0:02:45]} Kh7
{[%clk 0:12:41]} 61. Qd3 {[%clk 0:02:11]} Qc7 {[%clk 0:08:30]} 62. Qxb5
{[%clk 0:00:46]} Qxf4+ {[%clk 0:08:52]} 63. Kc3 {[%clk 0:01:04]} Qc1+
{[%clk 0:09:12]} 64. Kb4 {[%clk 0:00:56]} Qxb2+ {[%clk 0:09:34]} 65. Kxa4
{[%clk 0:01:24]} Qc2+ {[%clk 0:09:55]} 66. Ka5 {[%clk 0:01:06]} Qc3+
{[%clk 0:10:16]} 67. Ka4 {[%clk 0:01:16]} Qc2+ {[%clk 0:10:39]} 68. Ka5
{[%clk 0:01:24]} Qc3+ {[%clk 0:11:03]} 69. Qb4 {[%clk 0:01:08]} Qe5+
{[%clk 0:11:16]} 70. Kb6 {[%clk 0:01:04]} Qxg5 {[%clk 0:11:36]} 71. a4
{[%clk 0:01:22]} Qf6+ {[%clk 0:11:39]} 72. Kc7 {[%clk 0:01:40]} g5
{[%clk 0:10:13]} 73. a5 {[%clk 0:01:22]} Qf4+ {[%clk 0:10:31]} 74. Qxf4
{[%clk 0:01:06]} gxf4 {[%clk 0:10:58]} 75. a6 {[%clk 0:01:29]} f3
{[%clk 0:11:25]} 76. a7 {[%clk 0:01:53]} 1/2-1/2

[Event "World Chess Olympiad 2018"]
[Site "Batumi"]
[Date "2018.09.28"]
[Round "5"]
[Board "2"]
[WhiteFideId "13602276"]
[White "Maghalashvili Davit"]
[BlackFideId "4901541"]
[Black "Bilguun Sumiya"]
[Result "1-0"]
[LiveChessVersion "1.4.8"]
[BlackElo "2489"]
[WhiteElo "2508"]

1. e4 {[%clk 1:30:55]} c5 {[%clk 1:29:23]} 2. Nf3 {[%clk 1:31:19]} a6
{[%clk 1:28:50]} 3. c4 {[%clk 1:31:04]} e6 {[%clk 1:28:14]} 4. d4
{[%clk 1:31:16]} cxd4 {[%clk 1:23:57]} 5. Nxd4 {[%clk 1:31:40]} Nf6
{[%clk 1:21:39]} 6. Nc3 {[%clk 1:32:03]} Qc7 {[%clk 1:19:56]} 7. Be2
{[%clk 1:27:13]} Bd6 {[%clk 1:19:44]} 8. Be3 {[%clk 1:25:55]} Nc6
{[%clk 1:16:54]} 9. Qd2 {[%clk 1:21:26]} Nxd4 {[%clk 1:13:10]} 10. Bxd4
{[%clk 1:20:46]} Bf4 {[%clk 1:13:19]} 11. Be3 {[%clk 1:16:54]} Bxe3
{[%clk 1:10:47]} 12. Qxe3 {[%clk 1:17:17]} d6 {[%clk 1:08:58]} 13. O-O
{[%clk 1:10:44]} Bd7 {[%clk 0:45:52]} 14. Rfd1 {[%clk 1:07:59]} O-O
{[%clk 0:45:46]} 15. Rd2 {[%clk 0:51:32]} Bc6 {[%clk 0:40:36]} 16. Rc1
{[%clk 0:48:41]} Rac8 {[%clk 0:36:40]} 17. b4 {[%clk 0:45:44]} b5
{[%clk 0:26:17]} 18. Rcd1 {[%clk 0:42:59]} bxc4 {[%clk 0:19:32]} 19. Rxd6
{[%clk 0:41:38]} Qb7 {[%clk 0:14:06]} 20. Bxc4 {[%clk 0:30:39]} Qxb4
{[%clk 0:14:16]} 21. Bxa6 {[%clk 0:30:56]} Bb7 {[%clk 0:11:58]} 22. R6d4
{[%clk 0:26:02]} Qa3 {[%clk 0:03:44]} 23. Ra4 {[%clk 0:20:28]} Qb2
{[%clk 0:03:12]} 24. Rb1 {[%clk 0:19:53]} Qxc3 {[%clk 0:02:14]} 25. Qxc3
{[%clk 0:20:10]} Rxc3 {[%clk 0:02:41]} 26. Bxb7 {[%clk 0:20:26]} g6
{[%clk 0:02:25]} 27. Rd4 {[%clk 0:13:29]} Rb8 {[%clk 0:02:21]} 28. f4
{[%clk 0:13:19]} Ra3 {[%clk 0:01:30]} 29. Rb2 {[%clk 0:13:15]} Ng4
{[%clk 0:00:59]} 30. h3 {[%clk 0:03:29]} Nf6 {[%clk 0:01:28]} 31. Kh2
{[%clk 0:01:56]} Nh5 {[%clk 0:01:30]} 32. f5 {[%clk 0:02:02]} exf5
{[%clk 0:01:13]} 33. exf5 {[%clk 0:02:28]} gxf5 {[%clk 0:01:28]} 34. Rd7
{[%clk 0:01:06]} Nf6 {[%clk 0:01:11]} 35. Rc7 {[%clk 0:01:20]} Nd5
{[%clk 0:00:56]} 36. Rxf7 {[%clk 0:01:26]} Ne3 {[%clk 0:00:40]} 37. Rd7
{[%clk 0:01:25]} Kh8 {[%clk 0:00:37]} 38. Rb6 {[%clk 0:00:41]} Rg8
{[%clk 0:00:40]} 39. Re6 {[%clk 0:00:38]} Rc3 {[%clk 0:00:32]} 40. Ree7
{[%clk 0:30:49]} Rg6 {[%clk 0:30:55]} 41. Rxh7+ {[%clk 0:27:59]} Kg8
{[%clk 0:31:23]} 42. Rc7 {[%clk 0:27:30]} Rxc7 {[%clk 0:25:19]} 43. Rxc7
{[%clk 0:27:49]} f4 {[%clk 0:25:10]} 44. Bf3 {[%clk 0:21:49]} Rd6
{[%clk 0:21:15]} 45. Rc6 {[%clk 0:15:00]} Rd4 {[%clk 0:20:57]} 46. Re6
{[%clk 0:10:32]} Rd2 {[%clk 0:16:44]} 47. Rf6 {[%clk 0:07:03]} Rd4
{[%clk 0:15:17]} 48. Ra6 {[%clk 0:06:19]} Rb4 {[%clk 0:14:12]} 49. h4
{[%clk 0:06:07]} Nf5 {[%clk 0:11:03]} 50. Kh3 {[%clk 0:05:58]} Kg7
{[%clk 0:11:27]} 51. h5 {[%clk 0:05:30]} Nh6 {[%clk 0:10:50]} 52. Kh4
{[%clk 0:04:31]} Rc4 {[%clk 0:10:45]} 53. a4 {[%clk 0:04:16]} Nf7
{[%clk 0:10:33]} 54. a5 {[%clk 0:03:43]} Ne5 {[%clk 0:10:50]} 55. Kg5
{[%clk 0:03:45]} Nxf3+ {[%clk 0:10:54]} 56. gxf3 {[%clk 0:04:05]} Rc5+
{[%clk 0:11:13]} 57. Kxf4 {[%clk 0:04:10]} Rxh5 {[%clk 0:11:41]} 58. Ra8
{[%clk 0:04:07]} Rb5 {[%clk 0:11:42]} 59. a6 {[%clk 0:03:48]} Ra5
{[%clk 0:10:00]} 60. a7 {[%clk 0:04:10]} Ra4+ {[%clk 0:10:17]} 61. Ke3
{[%clk 0:04:29]} Ra3+ {[%clk 0:10:36]} 62. Kd2 {[%clk 0:04:42]} Ra2+
{[%clk 0:11:00]} 63. Kc1 {[%clk 0:05:02]} Ra1+ {[%clk 0:10:52]} 64. Kb2
{[%clk 0:05:27]} Ra6 {[%clk 0:11:14]} 65. f4 {[%clk 0:05:53]} Rb6+
{[%clk 0:11:38]} 66. Kc3 {[%clk 0:06:12]} Rc6+ {[%clk 0:12:04]} 67. Kd4
{[%clk 0:06:13]} Rd6+ {[%clk 0:12:32]} 68. Ke5 {[%clk 0:06:30]} Ra6
{[%clk 0:12:46]} 69. f5 {[%clk 0:06:53]} Ra5+ {[%clk 0:12:39]} 70. Kd4
{[%clk 0:07:14]} 1-0

[Event "World Chess Olympiad 2018"]
[Site "Batumi"]
[Date "2018.09.28"]
[Round "5"]
[Board "3"]
[WhiteFideId "4900880"]
[White "Battulga Namkhai"]
[BlackFideId "13602608"]
[Black "Sanikidze Tornike"]
[Result "0-1"]
[LiveChessVersion "1.4.8"]
[BlackElo "2497"]
[WhiteElo "2421"]

1. e4 {[%clk 1:30:44]} e5 {[%clk 1:30:32]} 2. Nf3 {[%clk 1:31:01]} Nc6
{[%clk 1:30:46]} 3. Bc4 {[%clk 1:30:16]} Nf6 {[%clk 1:30:31]} 4. d4
{[%clk 1:30:35]} exd4 {[%clk 1:30:56]} 5. e5 {[%clk 1:30:59]} d5 {[%clk 1:31:22]}
6. Bb5 {[%clk 1:31:23]} Ne4 {[%clk 1:31:48]} 7. Nxd4 {[%clk 1:31:45]} Bd7
{[%clk 1:32:15]} 8. Bxc6 {[%clk 1:32:00]} bxc6 {[%clk 1:32:24]} 9. O-O
{[%clk 1:32:22]} Bc5 {[%clk 1:32:51]} 10. f3 {[%clk 1:23:15]} Ng5
{[%clk 1:32:39]} 11. Be3 {[%clk 1:21:05]} Bb6 {[%clk 1:32:38]} 12. Qd2
{[%clk 0:51:58]} h6 {[%clk 1:29:38]} 13. Nb3 {[%clk 0:50:04]} Qe7
{[%clk 1:28:41]} 14. Nc3 {[%clk 0:49:50]} O-O {[%clk 1:27:23]} 15. Rae1
{[%clk 0:48:04]} Rad8 {[%clk 1:20:58]} 16. Qf2 {[%clk 0:30:42]} Ne6
{[%clk 1:16:57]} 17. f4 {[%clk 0:30:11]} f5 {[%clk 1:13:08]} 18. Rd1
{[%clk 0:14:15]} g5 {[%clk 0:56:55]} 19. Ne2 {[%clk 0:12:54]} Be8
{[%clk 0:57:02]} 20. Rd2 {[%clk 0:07:42]} c5 {[%clk 0:52:00]} 21. c3
{[%clk 0:07:59]} Bb5 {[%clk 0:51:26]} 22. Rfd1 {[%clk 0:06:44]} Bc6 23. Qg3
{[%clk 0:04:59]} Kh7 {[%clk 0:45:49]} 24. Qh3 {[%clk 0:03:59]} g4
{[%clk 0:28:39]} 25. Qg3 {[%clk 0:04:27]} Bb7 {[%clk 0:28:14]} 26. Bf2
{[%clk 0:04:39]} c4 {[%clk 0:28:23]} 27. Nbd4 {[%clk 0:04:43]} Nc5
{[%clk 0:28:39]} 28. Qh4 {[%clk 0:05:02]} Qxh4 {[%clk 0:26:46]} 29. Bxh4
{[%clk 0:05:30]} Rde8 {[%clk 0:27:09]} 30. Ng3 {[%clk 0:05:15]} Nd3
{[%clk 0:25:07]} 31. Nh5 {[%clk 0:04:54]} Kg6 {[%clk 0:24:18]} 32. Nf6
{[%clk 0:05:23]} Nxf4 {[%clk 0:23:53]} 33. Nxe8 {[%clk 0:04:24]} Rxe8
{[%clk 0:24:21]} 34. Bg3 {[%clk 0:02:27]} Nd3 {[%clk 0:24:07]} 35. Rf1
{[%clk 0:02:56]} Nc5 {[%clk 0:18:11]} 36. Rdf2 {[%clk 0:01:51]} Bc8
{[%clk 0:17:53]} 37. Bf4 {[%clk 0:00:47]} Ne4 {[%clk 0:16:21]} 38. Re2
{[%clk 0:01:16]} Ba6 {[%clk 0:14:18]} 39. a4 {[%clk 0:00:55]} Bxd4+
{[%clk 0:14:07]} 40. cxd4 {[%clk 0:31:23]} c3 {[%clk 0:44:33]} 41. Rc2
{[%clk 0:29:11]} Bd3 {[%clk 0:40:56]} 42. Rfc1 {[%clk 0:28:47]} Bxc2
{[%clk 0:39:05]} 43. Rxc2 {[%clk 0:29:16]} Rb8 {[%clk 0:38:45]} 44. bxc3
{[%clk 0:27:11]} Rb1+ {[%clk 0:36:04]} 45. Bc1 {[%clk 0:27:40]} f4
{[%clk 0:36:29]} 46. h3 {[%clk 0:24:03]} h5 {[%clk 0:14:22]} 47. g3
{[%clk 0:22:20]} f3 {[%clk 0:07:58]} 48. hxg4 {[%clk 0:20:04]} hxg4
{[%clk 0:08:21]} 49. Kh2 {[%clk 0:17:20]} Kf5 {[%clk 0:08:50]} 50. c4
{[%clk 0:17:29]} f2 {[%clk 0:08:50]} 51. Kg2 {[%clk 0:17:48]} dxc4
{[%clk 0:09:16]} 52. a5 {[%clk 0:17:42]} a6 {[%clk 0:09:38]} 53. Kf1
{[%clk 0:17:59]} c3 {[%clk 0:09:42]} 54. Ke2 {[%clk 0:17:54]} 0-1

[Event "World Chess Olympiad 2018"]
[Site "Batumi"]
[Date "2018.09.28"]
[Round "5"]
[Board "4"]
[WhiteFideId "13604597"]
[White "Beradze Irakli"]
[BlackFideId "4901266"]
[Black "Munkhgal Gombosuren"]
[Result "1/2-1/2"]
[LiveChessVersion "1.4.8"]
[BlackElo "2452"]
[WhiteElo "2495"]

1. d4 {[%clk 1:30:45]} Nf6 {[%clk 1:30:56]} 2. c4 {[%clk 1:31:09]} e6
{[%clk 1:31:24]} 3. Nf3 {[%clk 1:31:29]} d5 {[%clk 1:31:50]} 4. e3
{[%clk 1:28:48]} a6 {[%clk 1:32:14]} 5. Nc3 {[%clk 1:28:51]} dxc4
{[%clk 1:32:31]} 6. Bxc4 {[%clk 1:28:59]} b5 {[%clk 1:32:58]} 7. Bd3
{[%clk 1:25:49]} Bb7 {[%clk 1:33:02]} 8. a3 {[%clk 1:23:49]} c5 {[%clk 1:32:50]}
9. dxc5 {[%clk 1:19:51]} Bxc5 {[%clk 1:30:28]} 10. b4 {[%clk 1:20:03]} Be7
{[%clk 1:26:54]} 11. Bb2 {[%clk 1:20:08]} Nbd7 {[%clk 1:26:42]} 12. O-O
{[%clk 1:19:23]} O-O {[%clk 1:22:22]} 13. e4 {[%clk 1:09:54]} Nb6
{[%clk 1:19:53]} 14. Qe2 {[%clk 1:07:25]} Rc8 {[%clk 1:08:50]} 15. Rfd1
{[%clk 1:06:40]} Qc7 {[%clk 1:08:38]} 16. Rac1 {[%clk 0:59:44]} Qf4
{[%clk 0:58:58]} 17. Rc2 {[%clk 0:35:34]} Nc4 {[%clk 0:50:24]} 18. Bc1
{[%clk 0:35:52]} Qb8 {[%clk 0:45:44]} 19. a4 {[%clk 0:34:10]} Ne5
{[%clk 0:35:58]} 20. Nxe5 {[%clk 0:29:15]} Qxe5 {[%clk 0:36:11]} 21. Bb2
{[%clk 0:29:20]} Qg5 {[%clk 0:33:39]} 22. axb5 {[%clk 0:28:26]} axb5
{[%clk 0:33:53]} 23. Bc1 {[%clk 0:19:02]} Qe5 {[%clk 0:28:11]} 24. Bb2
{[%clk 0:12:37]} Qg5 {[%clk 0:24:44]} 25. Bc1 {[%clk 0:07:02]} Qe5
{[%clk 0:24:08]} 26. Bb2 {[%clk 0:05:31]} 1/2-1/2

[Event "World Chess Olympiad 2018"]
[Site "Batumi"]
[Date "2018.09.28"]
[Round "5"]
[Board "1"]
[WhiteFideId "927031"]
[White "Popovic Dusan"]
[BlackFideId "6501311"]
[Black "Duran Vega Sergio"]
[Result "1/2-1/2"]
[LiveChessVersion "1.4.8"]
[BlackElo "2401"]
[WhiteElo "2517"]

1. e4 {[%clk 1:30:57]} c5 {[%clk 1:30:54]} 2. Nf3 {[%clk 1:31:22]} Nc6
{[%clk 1:31:17]} 3. Bb5 {[%clk 1:31:47]} g6 {[%clk 1:31:40]} 4. O-O
{[%clk 1:30:58]} Bg7 {[%clk 1:32:02]} 5. Re1 {[%clk 1:31:23]} e5 {[%clk 1:32:14]}
6. b4 {[%clk 1:29:06]} Nxb4 {[%clk 1:28:13]} 7. Bb2 {[%clk 1:24:48]} Qc7
{[%clk 1:19:51]} 8. c3 {[%clk 1:24:10]} Nc6 {[%clk 1:20:13]} 9. d4
{[%clk 1:24:34]} d6 {[%clk 1:14:06]} 10. d5 {[%clk 1:22:39]} a6 {[%clk 1:13:11]}
11. Na3 {[%clk 1:22:10]} Ke7 {[%clk 1:02:27]} 12. Bf1 {[%clk 1:21:19]} Nd8
{[%clk 0:59:24]} 13. c4 {[%clk 1:16:19]} f6 {[%clk 0:53:38]} 14. Nh4
{[%clk 1:08:05]} Kf7 {[%clk 0:49:11]} 15. g3 {[%clk 1:05:07]} Ne7
{[%clk 0:48:29]} 16. f4 {[%clk 0:58:11]} Rf8 {[%clk 0:40:28]} 17. Nc2
{[%clk 0:43:56]} Kg8 {[%clk 0:33:25]} 18. Ne3 {[%clk 0:43:30]} Nf7
{[%clk 0:29:56]} 19. f5 {[%clk 0:27:21]} Bh6 {[%clk 0:22:45]} 20. Bd3
{[%clk 0:24:15]} Bxe3+ {[%clk 0:13:34]} 21. Rxe3 {[%clk 0:23:33]} Bd7
{[%clk 0:13:02]} 22. Rf3 {[%clk 0:11:09]} gxf5 {[%clk 0:10:06]} 23. Nxf5
{[%clk 0:07:43]} Nxf5 {[%clk 0:10:25]} 24. exf5 {[%clk 0:08:08]} b5
{[%clk 0:10:49]} 25. h4 {[%clk 0:07:52]} Kh8 {[%clk 0:10:17]} 26. g4
{[%clk 0:07:35]} Rg8 {[%clk 0:10:09]} 27. Rg3 {[%clk 0:07:50]} Rab8
{[%clk 0:08:28]} 28. Bc3 {[%clk 0:07:24]} bxc4 {[%clk 0:07:58]} 29. Be4
{[%clk 0:07:47]} Qd8 {[%clk 0:04:18]} 30. Kh2 {[%clk 0:05:30]} Qf8
{[%clk 0:03:57]} 31. Qd2 {[%clk 0:03:26]} 1/2-1/2

[Event "World Chess Olympiad 2018"]
[Site "Batumi"]
[Date "2018.09.28"]
[Round "5"]
[Board "2"]
[WhiteFideId "6500331"]
[White "Valdes Romero Leonardo"]
[BlackFideId "937614"]
[Black "Roganovic Milos"]
[Result "0-1"]
[LiveChessVersion "1.4.8"]
[BlackElo "2527"]
[WhiteElo "2398"]

1. Nf3 {[%clk 1:30:55]} Nf6 {[%clk 1:30:45]} 2. c4 {[%clk 1:30:54]} e6
{[%clk 1:30:42]} 3. g3 {[%clk 1:31:18]} d5 {[%clk 1:30:59]} 4. Bg2
{[%clk 1:30:59]} Be7 {[%clk 1:28:17]} 5. O-O {[%clk 1:31:21]} O-O
{[%clk 1:28:38]} 6. d4 {[%clk 1:31:46]} dxc4 {[%clk 1:29:00]} 7. Qc2
{[%clk 1:32:12]} b6 {[%clk 1:27:46]} 8. Nbd2 {[%clk 1:27:56]} Bb7
{[%clk 1:22:31]} 9. Nxc4 {[%clk 1:24:43]} Nbd7 {[%clk 1:19:07]} 10. Bf4
{[%clk 1:19:38]} Nd5 {[%clk 1:12:28]} 11. Bd2 {[%clk 1:05:36]} c5
{[%clk 1:05:30]} 12. Rac1 {[%clk 0:53:59]} Rc8 {[%clk 1:00:08]} 13. dxc5
{[%clk 0:50:51]} Bxc5 {[%clk 0:57:33]} 14. Ng5 {[%clk 0:47:57]} N7f6
{[%clk 0:57:06]} 15. Qb1 {[%clk 0:33:21]} Ba6 {[%clk 0:50:11]} 16. b3
{[%clk 0:21:44]} h6 {[%clk 0:49:39]} 17. Nf3 {[%clk 0:21:26]} b5 {[%clk 0:41:13]}
18. Nce5 {[%clk 0:18:32]} b4 {[%clk 0:38:33]} 19. Nc4 {[%clk 0:18:42]} Nb6
{[%clk 0:37:36]} 20. Rfd1 {[%clk 0:11:41]} Nxc4 {[%clk 0:35:38]} 21. Bxb4
{[%clk 0:07:43]} Na3 {[%clk 0:15:37]} 22. Rxd8 {[%clk 0:06:01]} Rfxd8
{[%clk 0:16:01]} 23. Bxa3 {[%clk 0:04:06]} Bxa3 {[%clk 0:16:29]} 24. Re1
{[%clk 0:03:56]} Bb4 {[%clk 0:14:17]} 25. h3 {[%clk 0:01:41]} Bxe1
{[%clk 0:13:28]} 26. Qxe1 {[%clk 0:02:06]} Rc2 {[%clk 0:13:30]} 27. Qa5
{[%clk 0:01:12]} Rd1+ {[%clk 0:12:57]} 28. Kh2 {[%clk 0:01:38]} Bxe2
{[%clk 0:13:11]} 29. Ng1 {[%clk 0:00:45]} Rdd2 {[%clk 0:12:32]} 30. Qxa7
{[%clk 0:00:41]} Rxa2 {[%clk 0:12:38]} 31. Qb8+ {[%clk 0:00:53]} Kh7
{[%clk 0:13:02]} 32. Qb7 {[%clk 0:00:34]} Bd3 {[%clk 0:13:06]} 33. Qf3 0-1